000 00670nam a22002057a 4500
999 _c371562
_d371562
008 201127b ||||| |||| 00| 0 eng d
040 _aDE-2950
_bger
_cDE-2950
_erda
041 _ager
245 _aStadtwerke.
_bNeuer Chef der Netzgesellschaft/
_cred
264 _c2022
653 _aFrankfurt (Oder)
653 _aNetzgesellschaft Frankfurt (Oder) mbH
653 _aneuer Geschäftsführer
653 _aRoland Bähr
773 _dFrankfurt (Oder) Märkisches Verlags- und Druckhaus GmbH & Co KG
_tMärkische Oderzeitung
_g33. Jahrgang (2022) Nr. 81 vom 06.04.2022, S. 13
942 _cA